00477cam a22002052a 4500001000900000003001100009005001700020008004300037020001800080040003200098100001800130245003400148260001300182260001200195260000900207300001000216440002200226650001500248650000800263 024683 AR-FADEU20220510120645.0 311216n1990####xxu####################dd a968-39-0388-6 cBiblioteca Ernesto Sábato aLinz, Juan J. aLa quiebra de las democracias aMéxico bAlianza c1990 a169 p aLos noventa n 37 aDEMOCRACIA aJLS